Magnetism and magnetic materials (Record no. 15590)

000 -LEADER
fixed length control field 00556nam a2200205 4500
001 - CONTROL NUMBER
control field 15590
003 - CONTROL NUMBER IDENTIFIER
control field BD-DhUET
008 - FIXED-LENGTH DATA ELEMENTS--GENERAL INFORMATION
fixed length control field 690730s1968 enka b 001 0 eng
040 ## - CATALOGING SOURCE
Original cataloging agency DLC
Transcribing agency DLC
Modifying agency BD-DhUET
082 00 - DEWEY DECIMAL CLASSIFICATION NUMBER
Classification number 538
Item number AND/1968
100 1# - MAIN ENTRY--PERSONAL NAME
Personal name Anderson, J. C.
245 10 - TITLE STATEMENT
Title Magnetism and magnetic materials
250 ## - EDITION STATEMENT
Edition statement 1st ed.
260 ## - PUBLICATION, DISTRIBUTION, ETC. (IMPRINT)
Place of publication, distribution, etc. London
Name of publisher, distributor, etc. Chapman & Hall
Date of publication, distribution, etc. 1968
300 ## - PHYSICAL DESCRIPTION
Extent viii, 248 p.
Other physical details illus.
Dimensions 20 cm.
490 0# - SERIES STATEMENT
Series statement Modern electrical studies
504 ## - BIBLIOGRAPHY, ETC. NOTE
Bibliography, etc Includes bibliographies
650 #0 - SUBJECT ADDED ENTRY--TOPICAL TERM
Topical term or geographic name as entry element Magnetism : magnetic materials
942 ## - ADDED ENTRY ELEMENTS (KOHA)
Koha item type General Book
Holdings
Date acquired Source of classification or shelving scheme Sublocation or collection (holding branch) Lost status Koha normalized classification for sorting Copy number Shelving location Piece designation (barcode) Koha date last seen Koha item type Koha full call number Withdrawn status Not for loan Price effective from Damaged status Location (home branch)
2015-03-14 Central Library, BUET 538_000000000000000_AND_19681Circulation section185062015-03-14General Book538/AND/1968  2015-03-14 Central Library, BUET
2015-03-14 Central Library, BUET 538_000000000000000_AND_19682Circulation section185052015-03-14General Book538/AND/1968  2015-03-14 Central Library, BUET